Normal view MARC view

Entry Personal Name

Number of records used in: 1

001 - CONTROL NUMBER

  • control field: 60058

003 - CONTROL NUMBER IDENTIFIER

  • control field: OSt

005 - DATE AND TIME OF LATEST TRANSACTION

  • control field: 20260410145744.0

008 - FIXED-LENGTH DATA ELEMENTS

  • fixed length control field: 260410|| aca||aabn | a|a d

040 ## - CATALOGING SOURCE

  • Original cataloging agency: OSt
  • Transcribing agency: OSt

100 ## - HEADING--PERSONAL NAME

  • Personal name: Tenza, Mlungisi and Cabe, Nduduzo Futhi

670 ## - SOURCE DATA FOUND

  • Source citation: Work cat.: (OSt): Tenza, Mlungisi and Cabe, Nduduzo Futhi , The effects of unity of rival unions in advancing the interests of workers in the workplace: A South African perspective

Powered by Koha